Les personnages de Desperate Housewives 🍎 dans leurs maisons - Statistiques

Statistiques générales
  • Ce quiz a Ă©tĂ© pris 4 290 fois
  • Le rĂ©sultat moyen est 42 sur 113
Réponses sur la Carte
Les réponses sont colorées sur une échelle allant du rouge au vert en fonction du pourcentage des utilisateurs qui les ont devinées à leur premier essai. Vous pouvez retrouver ces pourcentages ci-dessous.
 
Statistiques - réponses
Character % Correct
Bree Van de Kamp Hodge
93%
Gabrielle Solis
93%
Susan Delfino
93%
Lynette Scavo
91%
Mike Delfino
89%
Carlos Solis
88%
Tom Scavo
85%
Juanita Solis
81%
Julie Mayer
81%
Andrew Van de Kamp
77%
Preston Scavo
75%
Orson Hodge
74%
Porter Scavo
74%
Rex Van de Kamp
74%
Celia Solis
71%
Danielle Van de Kamp
70%
Paul Young
70%
Parker Scavo
69%
Penny Scavo
69%
Maynard James Delfino
66%
Karen McCluskey
65%
Karen Stouffer
65%
Karl Mayer
62%
Zach Young
59%
Katherine Mayfair
57%
Edie Britt
56%
Mary-Alice Young
53%
Renee Perry
52%
Edward "Eddie" Orlofsky
51%
Betty Applewhite
47%
Dave Williams
47%
Lee McDermott
47%
Dave Williams
46%
Paige Scavo
46%
Bob Hunter
44%
Angie Bolen
42%
Ben Faulkner
38%
Kayla Scavo
34%
Martha Huber
34%
Caleb Applewhite
32%
Dylan Davis
31%
Dylan Mayfair
31%
Ana Solis
30%
Felicia Tilman
30%
Danny Bolen
28%
Matthew Applewhite
28%
Nick Bolen
26%
Roy Bender
25%
Ida Greenberg
24%
Benjamin Van de Kamp
22%
Beth Young
22%
Adam Mayfair
20%
Keith Watson
20%
Alma Hodge
18%
Austin McCann
14%
Gloria Hodge
13%
Sophie Bremmer
13%
Alex Cominis
12%
Patrick Scavo
11%
Stella Wingfield
11%
Travers McLain
11%
Xiao-Mei
11%
Robin Gallagher
9%
Trip Weston
9%
Ellie Leonard
8%
Art Shepard
6%
Jenny Hunter-McDermott
6%
Lillian Simms
6%
Mona Clarke
6%
Wayne Davis
6%
Gilbert McCluskey & son
5%
Mitzi Kinsky
5%
Mr. Huber
5%
Mr. Clarke
3%
Nanny Claire
3%
Rebecca Shepard
3%
Roberta McCluskey
3%
Rose Kemper
3%
Umberto Rothwell
3%
Edwin Mullins
2%
Emma Graham
2%
Gordon Stouffer
2%
Jennifer
2%
Mr. Addams
2%
Mrs. Addams
2%
Mrs. Mullins
2%
Raymond
2%
Steve
2%
Lance
1%
Mr. Scully
1%
Mrs. Hudson
1%
Sharon Shesin
1%
Sheila Bukowski
1%
Stephanie
1%
Aucun quiz correspondant
Distribution des résultats
% des personnes avec chaque résultat
Percentile par nombre de réponses
Votre historique - résultats
Vous n’avez pas pris ce quiz